<?xml version="1.0" encoding="UTF-8"?>
<collection xmlns="http://www.loc.gov/MARC21/slim">
 <record>
  <leader>03317nam a22004691  4500</leader>
  <controlfield tag="001">1/21241</controlfield>
  <controlfield tag="008">961021s1868    nyn           000 0 eng d</controlfield>
  <datafield tag="035" ind1=" " ind2=" ">
   <subfield code="l">21864</subfield>
  </datafield>
  <datafield tag="040" ind1=" " ind2=" ">
   <subfield code="a">GR-PeUP</subfield>
  </datafield>
  <datafield tag="082" ind1="0" ind2="0">
   <subfield code="a">R 300.3 IN</subfield>
  </datafield>
  <datafield tag="245" ind1="1" ind2="0">
   <subfield code="a">International encyclopedia of the Social Sciences /</subfield>
   <subfield code="c">David L.Sills.</subfield>
  </datafield>
  <datafield tag="260" ind1=" " ind2=" ">
   <subfield code="a">New York :</subfield>
   <subfield code="b">The Macmillan company &amp; The Free Press,</subfield>
   <subfield code="c">1968.</subfield>
  </datafield>
  <datafield tag="300" ind1=" " ind2=" ">
   <subfield code="a">18 vol.:</subfield>
   <subfield code="c">31 cm.</subfield>
  </datafield>
  <datafield tag="504" ind1=" " ind2=" ">
   <subfield code="a">Bibliography.</subfield>
  </datafield>
  <datafield tag="650" ind1=" " ind2="4">
   <subfield code="a">Social Sciences</subfield>
   <subfield code="x">Encyclopaedia.</subfield>
  </datafield>
  <datafield tag="700" ind1="1" ind2=" ">
   <subfield code="a">Sills, David L.</subfield>
   <subfield code="e">ed.</subfield>
  </datafield>
  <datafield tag="852" ind1=" " ind2=" ">
   <subfield code="a">INST</subfield>
   <subfield code="b">UNIPILB</subfield>
   <subfield code="c">REF</subfield>
   <subfield code="e">20040709</subfield>
   <subfield code="h">R 300.3 IN</subfield>
   <subfield code="p">00106194</subfield>
   <subfield code="q">00106194</subfield>
   <subfield code="t">NOLOAN</subfield>
   <subfield code="v">v.1-2:</subfield>
   <subfield code="y">23</subfield>
   <subfield code="z">v.1-2</subfield>
   <subfield code="4">2</subfield>
  </datafield>
  <datafield tag="852" ind1=" " ind2=" ">
   <subfield code="a">INST</subfield>
   <subfield code="b">UNIPILB</subfield>
   <subfield code="c">REF</subfield>
   <subfield code="e">20040709</subfield>
   <subfield code="h">R 300.3 IN</subfield>
   <subfield code="p">00106195</subfield>
   <subfield code="q">00106195</subfield>
   <subfield code="t">NOLOAN</subfield>
   <subfield code="v">v.3-4:</subfield>
   <subfield code="y">23</subfield>
   <subfield code="z">v.3-4</subfield>
   <subfield code="4">2</subfield>
  </datafield>
  <datafield tag="852" ind1=" " ind2=" ">
   <subfield code="a">INST</subfield>
   <subfield code="b">UNIPILB</subfield>
   <subfield code="c">REF</subfield>
   <subfield code="e">20040709</subfield>
   <subfield code="h">R 300.3 IN</subfield>
   <subfield code="p">00106196</subfield>
   <subfield code="q">00106196</subfield>
   <subfield code="t">NOLOAN</subfield>
   <subfield code="v">v.5-6:</subfield>
   <subfield code="y">23</subfield>
   <subfield code="z">v.5-6</subfield>
   <subfield code="4">1</subfield>
  </datafield>
  <datafield tag="852" ind1=" " ind2=" ">
   <subfield code="a">INST</subfield>
   <subfield code="b">UNIPILB</subfield>
   <subfield code="c">REF</subfield>
   <subfield code="e">20040709</subfield>
   <subfield code="h">R 300.3 IN</subfield>
   <subfield code="p">00106197</subfield>
   <subfield code="q">00106197</subfield>
   <subfield code="t">NOLOAN</subfield>
   <subfield code="v">v.7-8:</subfield>
   <subfield code="y">23</subfield>
   <subfield code="z">v.7-8</subfield>
   <subfield code="4">1</subfield>
  </datafield>
  <datafield tag="852" ind1=" " ind2=" ">
   <subfield code="a">INST</subfield>
   <subfield code="b">UNIPILB</subfield>
   <subfield code="c">REF</subfield>
   <subfield code="e">20040709</subfield>
   <subfield code="h">R 300.3 IN</subfield>
   <subfield code="p">00106198</subfield>
   <subfield code="q">00106198</subfield>
   <subfield code="t">NOLOAN</subfield>
   <subfield code="v">v.9-10:</subfield>
   <subfield code="y">23</subfield>
   <subfield code="z">v.9-10</subfield>
   <subfield code="4">2</subfield>
  </datafield>
  <datafield tag="852" ind1=" " ind2=" ">
   <subfield code="a">INST</subfield>
   <subfield code="b">UNIPILB</subfield>
   <subfield code="c">REF</subfield>
   <subfield code="e">20040709</subfield>
   <subfield code="h">R 300.3 IN</subfield>
   <subfield code="p">00106199</subfield>
   <subfield code="q">00106199</subfield>
   <subfield code="t">NOLOAN</subfield>
   <subfield code="v">v.11-12:</subfield>
   <subfield code="y">23</subfield>
   <subfield code="z">v.11-12</subfield>
   <subfield code="4">2</subfield>
  </datafield>
  <datafield tag="852" ind1=" " ind2=" ">
   <subfield code="a">INST</subfield>
   <subfield code="b">UNIPILB</subfield>
   <subfield code="c">REF</subfield>
   <subfield code="e">20040709</subfield>
   <subfield code="h">R 300.3 IN</subfield>
   <subfield code="p">00106200</subfield>
   <subfield code="q">00106200</subfield>
   <subfield code="t">NOLOAN</subfield>
   <subfield code="v">v.13-14:</subfield>
   <subfield code="y">23</subfield>
   <subfield code="z">v.13-14</subfield>
   <subfield code="4">2</subfield>
  </datafield>
  <datafield tag="852" ind1=" " ind2=" ">
   <subfield code="a">INST</subfield>
   <subfield code="b">UNIPILB</subfield>
   <subfield code="c">REF</subfield>
   <subfield code="e">20040709</subfield>
   <subfield code="h">R 300.3 IN</subfield>
   <subfield code="p">00106201</subfield>
   <subfield code="q">00106201</subfield>
   <subfield code="t">NOLOAN</subfield>
   <subfield code="v">v.15-16-17:</subfield>
   <subfield code="y">23</subfield>
   <subfield code="z">v.15-16-17</subfield>
   <subfield code="4">2</subfield>
  </datafield>
  <datafield tag="852" ind1=" " ind2=" ">
   <subfield code="a">INST</subfield>
   <subfield code="b">UNIPILB</subfield>
   <subfield code="c">REF</subfield>
   <subfield code="e">20040709</subfield>
   <subfield code="h">R 300.3 IN</subfield>
   <subfield code="p">00107743</subfield>
   <subfield code="q">00107743</subfield>
   <subfield code="t">NOLOAN</subfield>
   <subfield code="v">v.1-2:</subfield>
   <subfield code="y">23</subfield>
   <subfield code="z">v.1-2</subfield>
   <subfield code="4">1</subfield>
  </datafield>
  <datafield tag="852" ind1=" " ind2=" ">
   <subfield code="a">INST</subfield>
   <subfield code="b">UNIPILB</subfield>
   <subfield code="c">REF</subfield>
   <subfield code="e">20040709</subfield>
   <subfield code="h">R 300.3 IN</subfield>
   <subfield code="p">00107744</subfield>
   <subfield code="q">00107744</subfield>
   <subfield code="t">NOLOAN</subfield>
   <subfield code="v">v.3-4:</subfield>
   <subfield code="y">23</subfield>
   <subfield code="z">v.3-4</subfield>
   <subfield code="4">1</subfield>
  </datafield>
  <datafield tag="852" ind1=" " ind2=" ">
   <subfield code="a">INST</subfield>
   <subfield code="b">UNIPILB</subfield>
   <subfield code="c">REF</subfield>
   <subfield code="e">20040709</subfield>
   <subfield code="h">R 300.3 IN</subfield>
   <subfield code="p">00107745</subfield>
   <subfield code="q">00107745</subfield>
   <subfield code="t">NOLOAN</subfield>
   <subfield code="v">v.5-6:</subfield>
   <subfield code="y">23</subfield>
   <subfield code="z">v.5-6</subfield>
   <subfield code="4">2</subfield>
  </datafield>
  <datafield tag="852" ind1=" " ind2=" ">
   <subfield code="a">INST</subfield>
   <subfield code="b">UNIPILB</subfield>
   <subfield code="c">REF</subfield>
   <subfield code="e">20040709</subfield>
   <subfield code="h">R 300.3 IN</subfield>
   <subfield code="p">00107746</subfield>
   <subfield code="q">00107746</subfield>
   <subfield code="t">NOLOAN</subfield>
   <subfield code="v">v.7-8:</subfield>
   <subfield code="y">23</subfield>
   <subfield code="z">v.7-8</subfield>
   <subfield code="4">2</subfield>
  </datafield>
  <datafield tag="852" ind1=" " ind2=" ">
   <subfield code="a">INST</subfield>
   <subfield code="b">UNIPILB</subfield>
   <subfield code="c">REF</subfield>
   <subfield code="e">20040709</subfield>
   <subfield code="h">R 300.3 IN</subfield>
   <subfield code="p">00107747</subfield>
   <subfield code="q">00107747</subfield>
   <subfield code="t">NOLOAN</subfield>
   <subfield code="v">v.9-10:</subfield>
   <subfield code="y">23</subfield>
   <subfield code="z">v.9-10</subfield>
   <subfield code="4">1</subfield>
  </datafield>
  <datafield tag="852" ind1=" " ind2=" ">
   <subfield code="a">INST</subfield>
   <subfield code="b">UNIPILB</subfield>
   <subfield code="c">REF</subfield>
   <subfield code="e">20040709</subfield>
   <subfield code="h">R 300.3 IN</subfield>
   <subfield code="p">00107748</subfield>
   <subfield code="q">00107748</subfield>
   <subfield code="t">NOLOAN</subfield>
   <subfield code="v">v.11-12:</subfield>
   <subfield code="y">23</subfield>
   <subfield code="z">v.11-12</subfield>
   <subfield code="4">1</subfield>
  </datafield>
  <datafield tag="852" ind1=" " ind2=" ">
   <subfield code="a">INST</subfield>
   <subfield code="b">UNIPILB</subfield>
   <subfield code="c">REF</subfield>
   <subfield code="e">20040709</subfield>
   <subfield code="h">R 300.3 IN</subfield>
   <subfield code="p">00107749</subfield>
   <subfield code="q">00107749</subfield>
   <subfield code="t">NOLOAN</subfield>
   <subfield code="v">v.13-14:</subfield>
   <subfield code="y">23</subfield>
   <subfield code="z">v.13-14</subfield>
   <subfield code="4">1</subfield>
  </datafield>
  <datafield tag="852" ind1=" " ind2=" ">
   <subfield code="a">INST</subfield>
   <subfield code="b">UNIPILB</subfield>
   <subfield code="c">REF</subfield>
   <subfield code="e">20040709</subfield>
   <subfield code="h">R 300.3 IN</subfield>
   <subfield code="p">00107750</subfield>
   <subfield code="q">00107750</subfield>
   <subfield code="t">NOLOAN</subfield>
   <subfield code="v">v.15-16-17:</subfield>
   <subfield code="y">23</subfield>
   <subfield code="z">v.15-16-17</subfield>
   <subfield code="4">1</subfield>
  </datafield>
  <datafield tag="852" ind1=" " ind2=" ">
   <subfield code="a">INST</subfield>
   <subfield code="b">UNIPILB</subfield>
   <subfield code="c">REF</subfield>
   <subfield code="e">20040709</subfield>
   <subfield code="h">R 300.3 IN</subfield>
   <subfield code="p">00116300</subfield>
   <subfield code="q">00116300</subfield>
   <subfield code="t">NOLOAN</subfield>
   <subfield code="v">v.18:</subfield>
   <subfield code="y">23</subfield>
   <subfield code="z">v.18</subfield>
   <subfield code="4">1</subfield>
  </datafield>
  <datafield tag="852" ind1=" " ind2=" ">
   <subfield code="a">INST</subfield>
   <subfield code="b">UNIPILB</subfield>
   <subfield code="c">REF</subfield>
   <subfield code="e">20040709</subfield>
   <subfield code="h">R 300.3 IN</subfield>
   <subfield code="p">00119681</subfield>
   <subfield code="q">00119681</subfield>
   <subfield code="t">NOLOAN</subfield>
   <subfield code="v">v.18:</subfield>
   <subfield code="y">23</subfield>
   <subfield code="z">v.18</subfield>
   <subfield code="4">2</subfield>
  </datafield>
  <datafield tag="852" ind1=" " ind2=" ">
   <subfield code="a">INST</subfield>
   <subfield code="b">UNIPILB</subfield>
   <subfield code="c">REF</subfield>
   <subfield code="e">20040709</subfield>
   <subfield code="h">R 300.3 IN</subfield>
   <subfield code="p">00125541</subfield>
   <subfield code="q">00125541</subfield>
   <subfield code="t">NOLOAN</subfield>
   <subfield code="v">v.1-2:</subfield>
   <subfield code="y">23</subfield>
   <subfield code="z">v.1-2</subfield>
   <subfield code="4">3</subfield>
  </datafield>
  <datafield tag="852" ind1=" " ind2=" ">
   <subfield code="a">INST</subfield>
   <subfield code="b">UNIPILB</subfield>
   <subfield code="c">REF</subfield>
   <subfield code="e">20040709</subfield>
   <subfield code="h">R 300.3 IN</subfield>
   <subfield code="p">00125542</subfield>
   <subfield code="q">00125542</subfield>
   <subfield code="t">NOLOAN</subfield>
   <subfield code="v">v.3-4:</subfield>
   <subfield code="y">23</subfield>
   <subfield code="z">v.3-4</subfield>
   <subfield code="4">3</subfield>
  </datafield>
  <datafield tag="852" ind1=" " ind2=" ">
   <subfield code="a">INST</subfield>
   <subfield code="b">UNIPILB</subfield>
   <subfield code="c">REF</subfield>
   <subfield code="e">20040709</subfield>
   <subfield code="h">R 300.3 IN</subfield>
   <subfield code="p">00125543</subfield>
   <subfield code="q">00125543</subfield>
   <subfield code="t">NOLOAN</subfield>
   <subfield code="v">v.5-6:</subfield>
   <subfield code="y">23</subfield>
   <subfield code="z">v.5-6</subfield>
   <subfield code="4">3</subfield>
  </datafield>
  <datafield tag="852" ind1=" " ind2=" ">
   <subfield code="a">INST</subfield>
   <subfield code="b">UNIPILB</subfield>
   <subfield code="c">REF</subfield>
   <subfield code="e">20040709</subfield>
   <subfield code="h">R 300.3 IN</subfield>
   <subfield code="p">00125544</subfield>
   <subfield code="q">00125544</subfield>
   <subfield code="t">NOLOAN</subfield>
   <subfield code="v">v.7-8:</subfield>
   <subfield code="y">23</subfield>
   <subfield code="z">v.7-8</subfield>
   <subfield code="4">3</subfield>
  </datafield>
  <datafield tag="852" ind1=" " ind2=" ">
   <subfield code="a">INST</subfield>
   <subfield code="b">UNIPILB</subfield>
   <subfield code="c">REF</subfield>
   <subfield code="e">20040709</subfield>
   <subfield code="h">R 300.3 IN</subfield>
   <subfield code="p">00125545</subfield>
   <subfield code="q">00125545</subfield>
   <subfield code="t">NOLOAN</subfield>
   <subfield code="v">v.9-10:</subfield>
   <subfield code="y">23</subfield>
   <subfield code="z">v.9-10</subfield>
   <subfield code="4">3</subfield>
  </datafield>
  <datafield tag="852" ind1=" " ind2=" ">
   <subfield code="a">INST</subfield>
   <subfield code="b">UNIPILB</subfield>
   <subfield code="c">REF</subfield>
   <subfield code="e">20040709</subfield>
   <subfield code="h">R 300.3 IN</subfield>
   <subfield code="p">00125546</subfield>
   <subfield code="q">00125546</subfield>
   <subfield code="t">NOLOAN</subfield>
   <subfield code="v">v.11-12:</subfield>
   <subfield code="y">23</subfield>
   <subfield code="z">v.11-12</subfield>
   <subfield code="4">3</subfield>
  </datafield>
  <datafield tag="852" ind1=" " ind2=" ">
   <subfield code="a">INST</subfield>
   <subfield code="b">UNIPILB</subfield>
   <subfield code="c">REF</subfield>
   <subfield code="e">20040709</subfield>
   <subfield code="h">R 300.3 IN</subfield>
   <subfield code="p">00125547</subfield>
   <subfield code="q">00125547</subfield>
   <subfield code="t">NOLOAN</subfield>
   <subfield code="v">v.13-14:</subfield>
   <subfield code="y">23</subfield>
   <subfield code="z">v.13-14</subfield>
   <subfield code="4">3</subfield>
  </datafield>
  <datafield tag="852" ind1=" " ind2=" ">
   <subfield code="a">INST</subfield>
   <subfield code="b">UNIPILB</subfield>
   <subfield code="c">REF</subfield>
   <subfield code="e">20040709</subfield>
   <subfield code="h">R 300.3 IN</subfield>
   <subfield code="p">00125548</subfield>
   <subfield code="q">00125548</subfield>
   <subfield code="t">NOLOAN</subfield>
   <subfield code="v">v.15-16-17:</subfield>
   <subfield code="y">23</subfield>
   <subfield code="z">v.15-16-17</subfield>
   <subfield code="4">3</subfield>
  </datafield>
 </record>
</collection>
